Statistics for Top 3 Goalscorers from every Premier League season

Click here to take the quiz!

General Stats

  • This quiz has been taken 73 times
    (39 since last reset)
  • The average score is 69 of 84

Answer Stats

SeasonGoalsClub(s)NationalityAnswer% Correct
19/2022ArsenalGabonPierre-Emerick Aubameyang
100%
18/1922ArsenalGabonPierre-Emerick Aubameyang
100%
99/0023Newcastle UnitedEnglandAlan Shearer
97%
93/9431Blackburn RoversEnglandAlan Shearer
97%
94/9534Blackburn RoversEnglandAlan Shearer
97%
95/9631Blackburn RoversEnglandAlan Shearer
97%
03/0422Newcastle UnitedEnglandAlan Shearer
97%
96/9725Newcastle UnitedEnglandAlan Shearer
97%
16/1724ArsenalChileAlexis Sanchez
97%
08/0918Manchester UnitedPortugalCristiano Ronaldo
97%
07/0831Manchester UnitedPortugalCristiano Ronaldo
97%
06/0717Manchester UnitedPortugalCristiano Ronaldo
97%
09/1029ChelseaIvory CoastDidier Drogba
97%
06/0720ChelseaIvory CoastDidier Drogba
97%
07/0824LiverpoolSpainFernando Torres
97%
17/1830Tottenham HotspurEnglandHarry Kane
97%
14/1521Tottenham HotspurEnglandHarry Kane
97%
16/1729Tottenham HotspurEnglandHarry Kane
97%
15/1625Tottenham HotspurEnglandHary Kane
97%
15/1624Leicester CityEnglandJamie Vardy
97%
19/2023Leicester CityEnglandJamie Vardy
97%
12/1323LiverpoolUruguayLuis Suarez
97%
13/1431LiverpoolUruguayLuis Suarez
97%
18/1922LiverpoolEgyptMohamed Salah
97%
17/1832LiverpoolEgyptMohamed Salah
97%
10/1118ArsenalThe NetherlandsRobin van Persie
97%
11/1230ArsenalThe NetherlandsRobin van Persie
97%
12/1326Manchester UnitedThe NetherlandsRobin van Persie
97%
05/0621Manchester UnitedThe NetherlandsRuud van Nistelrooy
97%
01/0223Manchester UnitedThe NetherlandsRuud van Nistelrooy
97%
02/0325Manchester UnitedThe NetherlandsRuud van Nistelrooy
97%
18/1922LiverpoolSenegalSadio Mane
97%
14/1526Manchester CItyArgentinaSergio Aguero
97%
11/1223Manchester CityArgentinaSergio Aguero
97%
15/1624Manchester CityArgentinaSergio Aguero
97%
17/1821Manchester CityArgentinaSergio Aguero
97%
03/0430ArsenalFranceThierry Henry
97%
02/0324ArsenalFranceThierry Henry
97%
05/0627ArsenalFranceThierry Henry
97%
01/0224ArsenalFranceThierry Henry
97%
00/0117ArsenalFranceThierry Henry
97%
04/0525ArsenalFranceThierry Henry
97%
14/1520ChelseaSpainDiego Costa
94%
12/1321Tottenham HotspurWalesGareth Bale
94%
16/1725EvertonBelgiumRomelu Lukaku
94%
11/1227Manchester UnitedEnglandWayne Rooney
94%
09/1026Manchester UnitedEnglandWayne Rooney
94%
13/1420Manchester CityIvory CoastYaya Toure
94%
10/1120Manchester CityArgentinaCarlos Tevez
88%
10/1120Manchester UnitedBulgariaDimitar Berbatov
88%
07/0824ArsenalTogoEmmanuel Adebayor
88%
08/0916LiverpoolEnglandSteven Gerrard
88%
13/1421LiverpoolEnglandDaniel Sturridge
84%
98/9918Manchester UnitedTrinidad and TobagoDwight Yorke
81%
99/0020Manchester UnitedTrinidad and TobagoDwight Yorke
81%
98/9918LiverpoolEnglandMichael Owen
81%
97/9818LiverpoolEnglandMichael Owen
81%
08/0919ChelseaFranceNicolas Anelka
81%
92/9322Nottingham Forest/Tottenham HotspurEnglandTeddy Sheringham
78%
93/9434Newcastle UnitedEnglandAndy Cole
75%
96/9718LiverpoolEnglandRobbie Fowler
75%
94/9525LiverpoolEnglandRobbie Fowler
75%
95/9628LiverpoolEnglandRobbie Fowler
75%
04/0514ArsenalFranceRobert Pires
75%
98/9918Leeds UnitedThe NetherlandsJimmy Floyd Hasselbaink
72%
00/0123ChelseaThe NetherlandsJimmy Floyd Hasselbaink
72%
01/0223ChelseaThe NetherlandsJimmy Floyd Hasselbaink
72%
96/9723ArsenalEnglandIan Wright
69%
99/0030SunderlandEnglandKevin Phillips
59%
09/1024SunderlandEnglandDarren Bent
56%
05/0618Charlton AthleticEnglandDarren Bent
56%
97/9818Coventry CityEnglandDion Dublin
56%
92/9320Queens Park RangersEnglandLes Ferdinand
56%
94/9524Queens Park RangersEnglandLes Ferdinand
56%
95/9625Newcastle UnitedEnglandLes Ferdinand
56%
03/0420Manchester United/FulhamFranceLouis Saha
56%
97/9818Blackburn RoversEnglandChris Sutton
50%
93/9425SouthamptonEnglandMatt Le Tissier
50%
19/2022SouthamptonEnglandDanny Ings
47%
06/0718Blackburn RoversSouth AfricaBenni Mccarthy
31%
02/0323SouthamptonEnglandJames Beattie
25%
00/0119Ipswich TownEnglandMarcus Stewart
13%
92/9319WimbledonEnglandDean Holdsworth
6%
04/0521Crystal PalaceEnglandAndy Johnston
3%

Score Distribution

Percentile by Number Answered

Percent of People with Each Score

Your Score History

You have not taken this quiz since the last reset